Catálogo
 En Linea

Almacenes : (Registro nro. 39551)

Detalles MARC
000 -CABECERA
campo de control de longitud fija 00707nam a2200217 a 4500
001 - NÚMERO DE CONTROL
campo de control 000040061
005 - FECHA Y HORA DE LA ÚLTIMA TRANSACCIÓN
campo de control 20260522124741.0
008 - DATOS DE LONGITUD FIJA--INFORMACIÓN GENERAL
campo de control de longitud fija 130805s1995 mx ac 000 0 spa d
020 ## - NÚMERO INTERNACIONAL ESTÁNDAR DEL LIBRO
Número Internacional Estándar del Libro 9682452716
040 ## - FUENTE DE LA CATALOGACIÓN
Centro catalogador/agencia de origen DO-SdBNP
Lengua de catalogación spa
Centro/agencia transcriptor BNPHU
082 ## - NÚMERO DE LA CLASIFICACIÓN DECIMAL DEWEY
Número de clasificación 658.785
Número de documento/Ítem G216A
100 1# - ENTRADA PRINCIPAL--NOMBRE DE PERSONA
Nombre de persona García Cantú, Alfonso
9 (RLIN) 66315
245 10 - MENCIÓN DE TÍTULO
Título Almacenes :
Resto del título Planeación, organización y control /
Mención de responsabilidad, etc. Alfonso García Cantú.
250 ## - MENCIÓN DE EDICIÓN
Mención de edición 3a ed., (reimp.1997)
260 ## - PUBLICACIÓN, DISTRIBUCIÓN, ETC.
Lugar de publicación, distribución, etc. México :
Nombre del editor, distribuidor, etc. Trillas,
Fecha de publicación, distribución, etc. 1995.
300 ## - DESCRIPCIÓN FÍSICA
Extensión 203 p. :
Otras características físicas ils., retrs. ;
Dimensiones 24 cm.
500 ## - NOTA GENERAL
Nota general Incluye notas al pie de las páginas
500 ## - NOTA GENERAL
Nota general edición de año 1995
590 ## - NOTA LOCAL (RLIN)
Nota local Inventariado, 2019/VM
650 #0 - PUNTO DE ACCESO ADICIONAL DE MATERIA--TÉRMINO DE MATERIA
Término de materia o nombre geográfico como elemento de entrada GENERALES
Subdivisión geográfica ESPAÑA
Subdivisión general BIOGRAFÍAS
9 (RLIN) 19400
Existencias
Estado de retiro Estado de pérdida Restricciones de uso No para préstamo Código de colección Localización permanente Ubicación/localización actual Ubicación en estantería Fecha de adquisición Número de inventario Total de préstamos Signatura topográfica completa Código de barras Fecha visto por última vez Precio válido a partir de Tipo de ítem Koha
        Monografías: Libros y Folletos General General Depósito 05.08.2013 LF1   658.785 G216A 40061-10 25.06.2020 25.06.2020 Préstamo en sala

Con tecnología Koha